Вып. 1; Физическая химия

Bibliografske podrobnosti
Parent link:Физическая химия: в 2-х вып./ Н. Н. Любавин. Вып. 1.— , 1876-1877
Jezik:ruščina
Izdano: 1876
Teme:
Format: MixedMaterials Knjiga
KOHA link:https://koha.lib.tpu.ru/cgi-bin/koha/opac-detail.pl?biblionumber=338139

MARC

LEADER 00000nam2a2200000 4500
001 338139
005 20231102005023.0
035 |a (RuTPU)RU\TPU\book\364628 
090 |a 338139 
100 |a 20171120d1876 m y0rusy50 ca 
101 0 |a rus 
102 |a RU 
105 |a y j 000zy 
200 0 |a Вып. 1 
210 |d 1876 
215 |a 346 с. 
461 1 |0 (RuTPU)RU\TPU\book\364622  |t Физическая химия  |o в 2-х вып.  |f Н. Н. Любавин  |v Вып. 1  |d 1876-1877 
606 1 |a Физическая химия  |2 stltpush  |3 (RuTPU)RU\TPU\subj\67669  |9 83390 
610 1 |a превращения 
610 1 |a температура 
610 1 |a давление 
610 1 |a нагревание 
610 1 |a испарение 
610 1 |a физическая изомерия 
610 1 |a смеси 
610 1 |a сплавы 
610 1 |a механические осаждения 
610 1 |a растворы 
610 1 |a диффузия 
675 |a 544(07)  |v 3 
801 1 |a RU  |b 63413507  |c 20171120 
801 2 |a RU  |b 63413507  |c 20230403  |g RCR 
942 |c BK